BIBLIOTHÈQUE DE LA MAISON DU MEXIQUE

Logo 1 Logo 2

Albores del cine mexicano (notice nᵒ 9004)

détails MARC
000 -Sello discográfico
campo de control de longitud fija 00904nam a2200349 4500
005 - Identificación de versión
campo de control 20251016085126.0
010 ## - Número Estándar Internacional de Libros (ISBN)
Número (ISBN) 968-6932-45-3
035 ## - Otros números de control del sistema
Número de control del sistema 29995
099 ## - fechas locales
Tipo de ítem Koha LIBRO
100 ## - Datos de procesamiento general
Datos de procesamiento general 20021227d1996 m y1spay5003 ba
105 ## - Campo de datos codificados: Material textual, monográfico
Datos codificados de monografía a 001zy
200 1# - Título y mención de responsabilidad
Título propio Albores del cine mexicano
Designación general del material texto impreo
Primer mención de responsabilidad Federico Dávalos Orozco
210 ## - Publicación, distribución, etc.
Lugar de publicación, distribución, etc. México
Nombre del editor, distribuidor, etc. Editorial Clío
Fecha de publicación, distribución, etc. 1996
215 ## - Descripción física
Designación de material específico y extensión del ítem 85 p
Otras características físicas fot.
Dimensiones 28 cm
318 ## - Nota de acción
Acción No se presta a domicilio
345 ## - Nota de información de adquisición
Fuente de adquisición/dirección de la suscripción [OBSOLETO] Donación
606 ## - Término temático usado como materia
Elemento de entrada Películas cinematográficas
Subdivisión geográfica México
Subdivisión temática Historia
Número Koha 9402
660 ## - Código de área geográfica
Código MX
676 ## - Clasificación Decimal Dewey
Número R791.43 D245a
700 ## - Nombre personal - Responsabilidad primaria
Elemento de entrada Dávalos Orozco
Parte del nombre distinta del elemento de entrada Federico
Número Koha 15322
801 #0 - Fuente de origen
Agencia cm
900 ## -
-- 1/3430
900 ## -
-- 7100215221\271202
942 ## - ELEMENTOS DE ENTRADA SECUNDARIOS (KOHA)
Tipo de ítem Koha Livre

Pas d'exemplaire disponible.